| 000 | 00463nam a2200133Ia 4500 | ||
|---|---|---|---|
| 008 | 171207s9999 xx 000 0 und d | ||
| 100 | _aBrown, Colton. | ||
| 245 | _a“Girls Can’t Play Ball”: Feminist Counseling Using A League of Their Own | ||
| 245 | _cColton Brown, Tonya Hammer & Joseph M. Currin | ||
| 260 | _c2017 | ||
| 300 | _apages 160-164, January-March 2017 | ||
| 440 |
_aJournal of Creativity in Mental Health _v12:1 |
||
| 650 | _aMENTAL HEALTH | ||
| 999 |
_c347508 _d347508 |
||